Návrh dispozičného riešenia pracovného priestoru priemyselného robota IRB 120 a jeho periférií

Saved in:
Bibliographic Details
Main Author: Kĺč, Ján, 1990- (Author)
Other Authors: Holubek, Radovan, 1984- (Thesis advisor)
Format: Manuscript Book
Language:Slovak
Published: Trnava : STU v Bratislave MTF UVSM, 2012
Subjects:
Online Access:VAIS
Tags: Add Tag
No Tags, Be the first to tag this record!

MARC

LEADER 00000ntm a22000003a 4500
001 stu251254
005 20150617230202.5
008 120719s2012----xo------------------slo-d
040 |a STU  |b slo 
041 0 |a slo 
044 |a xo 
100 1 |a Kĺč, Ján,  |d 1990-  |4 aut  |u M  |T MTF Materiálovotechnologická fakulta  |X 66259  |U M  |Y 60  |7 A000066259 
242 0 0 |a Workspace layout of an IRB 120 industrial robot and its periphery  |y eng 
245 1 |a Návrh dispozičného riešenia pracovného priestoru priemyselného robota IRB 120 a jeho periférií 
260 |a Trnava :  |b STU v Bratislave MTF UVSM,  |c 2012 
300 |a 53s  |c CD ROM 
650 7 |a výrobné zariadenia a systémy  |2 stusub 
650 7 |a Production Devices and Systems  |2 estusub 
650 7 |a robot  |2 estusub 
650 7 |a kinematics  |2 estusub 
650 7 |a kinematika  |2 stusub 
650 7 |a pracovný priestor  |2 stusub 
700 1 |a Holubek, Radovan,  |d 1984-  |4 ths  |u M2000  |U MTF Materiálovotechnologická fakulta  |T MTF Ústav výrobných systémov a aplikovanej mechaniky  |X 4311  |U M2000  |Y 82  |7 A000004311 
856 4 |a info a plný text  |u http://is.stuba.sk/zp/portal_zp.pl?podrobnosti=66330  |3 VAIS 
996 |c M*BP-6707  |l MMSKP  |s P  |a 0  |w stu251254_0001